000 00346nam a22001337a 4500
008 241218b |||||||| |||| 00| 0 eng d
020 _a0538725737
050 _aHD621
_b.T69
100 _aTOWNSLEY, Maria
245 _aSurvivors Guide to Small Business
260 _aAustralia
_bThomson & South Western
_c2003
300 _axii, 531p.
942 _cBK
999 _c1859
_d1859